=LDR 00000nam 2200000 4500 =001 INLIS000000000039616 =005 20130612145231 =008 ***********************************Ind** =035 ##$$0010-061300000039616 =041 ##$$a Ind =082 ##$$a 813 =090 ##$$a 813, Rob k.3 =100 ##$$a Death in Loyalty =245 ##$$a JD ROBB =260 ##$$a 2010 $b Jakarta =700 ##$$a Saleh Jacob Eliyanti =850 ##$$a NBPNMAT